000 00746nam a2200217 i 4500
001 57026
003 ES-MaACL
005 20230906163510.0
007 t|
008 031014s1955 sp a |||| | spa d
100 1 _aDobzhansky, Theodosius.
_944951
245 1 0 _aGenética y el origen de las especies /
_cpor Theodosius Dobzhansky ; traducción del inglés por F. Cordón.
260 _aMadrid :
_bRevista de Occidente,
_c[1955] (
_fVda. de Galo Sèz)
300 _aXV, 391 p. :
_bil. ;
_c22 cm.
490 1 _aBiblioteca Ibys de ciencia biológica
650 0 4 _aGenética.
_913057
700 1 _aCordón, Faustino.
_940557
830 1 _aBiblioteca Ibys de ciencia biológica
_9181969
852 _aES-MaACL
_jC-9529
999 _c57026
_d57026